Sports Quiz

Random Sports or NBA Quiz

NBA Teams by Standing Quiz Stats

Quiz not verified by Sporcle

Challenge
Share
Tweet
Embed
Score 0/30 Timer 06:00
0 Plays Today
Division Team % Correct
East: AtlanticBoston Celtics
98.6%
East: CentralCleveland Cavaliers
91.3%
West: PacificLos Angeles Lakers
91.3%
East: SoutheastOrlando Magic
88.8%
East: AtlanticNew Jersey Nets
87.4%
East: AtlanticPhiladelphia 76ers
87.1%
East: AtlanticNew York Knicks
87.1%
West: SouthwestSan Antonio Spurs
85.7%
East: SoutheastAtlanta Hawks
85.4%
West: PacificPhoenix Suns
85.4%
East: SoutheastMiami Heat
85.1%
West: PacificLos Angeles Clippers
84.8%
East: CentralChicago Bulls
84.6%
West: SouthwestDallas Mavericks
84.6%
West: SouthwestHouston Rockets
83.7%
Division Team % Correct
East: CentralDetroit Pistons
83.4%
East: CentralIndiana Pacers
83.4%
East: AtlanticToronto Raptors
82.3%
East: SoutheastCharlotte Bobcats
82.3%
West: NorthwestDenver Nuggets
82%
East: CentralMilwaukee Bucks
81.7%
West: PacificGolden State Warriors
81.7%
West: PacificSacramento Kings
81.7%
East: SoutheastWashington Wizards
80.9%
West: SouthwestNew Orleans Hornets
79.8%
West: NorthwestUtah Jazz
79.2%
West: NorthwestOklahoma City Thunder
78.4%
West: NorthwestPortland Trailblazers
77.8%
West: SouthwestMemphis Grizzlies
76.4%
West: NorthwestMinnesota Timberwolves
75.3%

You're not logged in!

Compare scores with friends on all Sporcle quizzes.
Sign Up with Email
OR
Log In

You Might Also Like...

Show Comments

Extras

Top Quizzes Today


Score Distribution

Your Account Isn't Verified!

In order to create a playlist on Sporcle, you need to verify the email address you used during registration. Go to your Sporcle Settings to finish the process.